Urzędnicy miejscy Elbląga w latach 1524-1772

Titel: Urzędnicy miejscy Elbląga w latach 1524-1772
Verfasser:
Veröffentlicht: Elbląg : Elbląskie Towarzystwo Naukowe im. Jana Myliusa Societas Scientiarum Elbingensis, 2010
Umfang: 266 S.
Format: Buch
Sprache: Polnisch
Schlagworte:
ISBN: 9788361282204
Buchumschlag
X
alg: 39544675
001A    $01999:12-11-16 
001B    $01999:30-09-22 $t18:38:07.000 
001C    $03004:06-06-17 $t15:21:51.000 
001D    $01999:12-11-16 
001U    $0utf8 
001X    $00 
002@    $0Aax 
003@    $0395446759 
003O    $0751084394 $aOCoLC 
004A    $A9788361282204 
007A    $0395446759 $aHEB 
007G    $0DE020A75FCEB1AF86CF9CC125814D004F7FC3 
007T    $0Herdc0086337m 
009P    $qapplication/pdf $A2 $3Inhaltsverzeichnis $uhttp://scans.hebis.de/HEBCGI/show.pl?39544675_toc.pdf $mV:DE-603;B:DE-Mb50 
010@    $apol 
011@    $a2010 
021A    $aUrzędnicy miejscy Elbląga w latach 1524-1772 
027A    $aDie Stadtbeamten von Elbing in den Jahren 1524-1772 
028A    $#Mikulski, Krzysztof Jan $D20220215 $Ecgwrk $7129083178 $8Mikulski, Krzysztof$Z1960- [Tp1] $9159472040 
033A    $pElbląg $nElbląskie Towarzystwo Naukowe im. Jana Myliusa Societas Scientiarum Elbingensis 
034D    $a266 S. 
039U    $8--Aox--Stachowiak, Remigius. Mikulski, Krzysztof. Urzędnicy miejscy Elbląga w latach 1524-1772. - Elbląg : Elbląskie Towarzystwo Naukowe im. Jana Myliusa Societas Scientiarum Elbingensis. -  2010 [Rezension], 2012 $9395073359 
039U    $aRezensiert in $8--Aou--Fecker, Carsten [Tnd]. [Krzysztof Mikulski: Urzędnicy miejscy Elbląga w latach 1524-1772], 2013 $9416710050 
044K    $RElbing $#Elbing $#Elbing Elbląg $71028071-6 $8Elbląg [Tg1] $9042042631 
044K    $RBeamtin $#Beamte $#Beamtentum $#Beamter $#Berufsbeamter $#Staatsbeamter $#Beamtentum $#Berufsbeamtentum $#Beamte $74005081-6 $8Beamter [Ts1] $9085005568 
045F    $a307.09438 $eDDC23BSB 
045F/01 $a307.09 
045F/03 $g438 
045F/03 $g4382 
045F/03 $g43832 
045R    $aGeschichte 1524-1772 
046C    $aDie Stadtbeamten von Elbing in den Jahren 1524-1772 $bÜbers. des Hauptsacht. 

lok: 39544675 24

exp: 39544675 24 1 #EPN
201B/01 $019-06-17 $t08:19:02.000 
201C/01 $006-06-17 
201U/01 $0utf8 
203@/01 $01000230058 
208@/01 $a06-06-17 $bz 
209A/01 $a17.02844 $du $f050 $h17 02844 $x00 
209A/01 $aSi-Scan $x01 
209C/01 $a17.02844 G $h17 02844 G 
209G/01 $a73804752 $x00 
220C/01 $aho-sz 
237A/01 $aFotokopie 
247C/01 $8358050-7 Marburg, Bibliothek des Herder-Instituts Marburg $9102600961 

lok: 39544675 78

exp: 39544675 78 1 #EPN
201B/01 $020-12-17 $t22:59:21.000 
201U/01 $0utf8 
203@/01 $0792000048 
208@/01 $a12-11-16 $be 
209A/01 $a/ $f000 $x00 
220C/01 $aTitelaufnehmer: kt 
220C/01 $aHerkunft: HI Marburg 
244Z/01 $2Trx $#Prusy Wschodnie i Zachodnie $8--Trx--Ost- und Westpreußen $x01 $939113373X 
244Z/01 $2Trx $#Poola $#Lenkija $#Polija $#Polen Land $#Poland $#Lengyelország $#Poľsko $#Polsko $8--Trx--Polska$gkraj $x02 $9391345966 
244Z/01 $#Elbing $#Elbing Elbląg $71028071-6 $8--Tg1--Elbląg $x03 $9042042631 
244Z/01 $aGeschichte 1524-1772 $x04 
244Z/01 $2Trx $#ametnikud $#valdininkai $#administrators $#alkalmazott $#urzędnicy $#úradníci $#úředníci $8--Trx--Beamte $x05 $9391380516 
244Z/01 $2Trx $#linnaraamatud $#miestų knygos $#City registries $#városi könyvek $#księgi miejskie $#knihy mestské $#knihy městské $#księgi grodzkie $8--Trx--Stadtbücher $x06 $9391354310 
244Z/01 $2Trx $#linnad $#miestai $#towns $#városok $#miejscowości ogólnie $#dejiny miest $#dějiny měst $8--Trx--Städtewesen $x07 $9391381458 
244Z/01 $2Trx $#allikmaterial $#šaltiniai $#Source material, historical $#források $#źródła $#pramene $#prameny $8--Trx--Quellen $x08 $9391358375 
244Z/01 $2Trx $#dzieło zbiorowe $8--Trx--Sammelwerk $x09 $9391384597 
245Z/01 $a13.03 $x01 
247C/01 $82080>Marburg/Lahn, Herder-Institut, Forschungsbibliothek, Bibliographieportal $9336309341
LEADER 00000cam a22000002c 4500
001 395446759
003 DE-603
005 20220930183807.0
007 tu
008 161112s2010 xx |||| | u00||u|pol c
020 |a 9788361282204 
035 |a (DE-599)HEB395446759 
035 |a (OCoLC)751084394 
040 |a DE-603  |b ger  |c DE-603  |d DE-603 
041 |a pol 
082 0 4 |8 1\u  |a 307.09438  |q DE-101  |2 23/BSB 
085 |8 1\u  |b 307.09 
085 |8 1\u  |z 2  |s 438 
085 |8 1\u  |z 2  |s 4382 
085 |8 1\u  |z 2  |s 43832 
100 1 |a Mikulski, Krzysztof  |d 1960-  |0 (DE-603)159472040  |0 (DE-588)129083178  |2 gnd 
245 0 0 |a Urzędnicy miejscy Elbląga w latach 1524-1772 
246 1 |i Übers. des Hauptsacht.  |a Die Stadtbeamten von Elbing in den Jahren 1524-1772 
246 1 3 |a Die Stadtbeamten von Elbing in den Jahren 1524-1772 
264 1 |a Elbląg  |b Elbląskie Towarzystwo Naukowe im. Jana Myliusa Societas Scientiarum Elbingensis  |c 2010 
300 |a 266 S. 
648 7 |a Geschichte 1524-1772  |2 gnd 
650 7 |a Beamter  |0 (DE-588)4005081-6  |0 (DE-603)085005568  |2 gnd 
651 7 |a Elbląg  |0 (DE-588)1028071-6  |0 (DE-603)042042631  |2 gnd 
787 0 8 |i Rezensiert in  |a Stachowiak, Remigius  |t Mikulski, Krzysztof. Urzędnicy miejscy Elbląga w latach 1524-1772. - Elbląg : Elbląskie Towarzystwo Naukowe im. Jana Myliusa Societas Scientiarum Elbingensis. - 2010 [Rezension]  |w (DE-603)395073359 
787 0 8 |i Rezensiert in  |a Fecker, Carsten  |t [Krzysztof Mikulski: Urzędnicy miejscy Elbląga w latach 1524-1772]  |w (DE-603)416710050 
856 4 2 |m V:DE-603;B:DE-Mb50  |q application/pdf  |u http://scans.hebis.de/HEBCGI/show.pl?39544675_toc.pdf  |3 Inhaltsverzeichnis 
924 0 |9 Mb 50  |a (DE-603)1000230058  |b DE-Mb50  |c HES  |d c  |g 17.02844 
924 0 |9 2080  |a (DE-603)792000048  |b DE-2080  |c HES  |d d  |g /